000 00330nam a22001457a 4500
008 230831b ||||| |||| 00| 0 eng d
020 _a9781319042271
041 _aeng
080 _2FOURTH EDITION
_a37
082 _a37ANK
100 _a22
101 _aEDUK
245 _aREAL SKILLS WITH READINGS
_cANKER.S
942 _2udc
_cBK
999 _c60222
_d60222